| 000 | 01692nam0a22003011 4500 | ||
|---|---|---|---|
| 001 | rc\3680242 | ||
| 005 | 20260407203714.0 | ||
| 021 |
_aRU _b[72-91124] |
||
| 035 | _a(NLR Aleph) 007845634 | ||
| 090 |
_a9832666 _c9832666 |
||
| 100 | _a20130115d1972 |||y0rusy50 ca | ||
| 101 | 0 | _arus | |
| 102 | _aRU | ||
| 105 | _ay ac ||||| | ||
| 200 | 1 |
_aВопросы теории коммунистического воспитания и деятельность комсомольских организаций. (1960-1970 гг.) _eБиблиогр. указ. литературы _fСост. Камалдинова Э.Ш. _gРед. Костяшкин Э.Г. _gИн-т повышения квалификации преподавателей пед. дисциплин ун-тов и педвузов при АПН СССР |
|
| 210 |
_aМосква _cБ. и. _d1972 |
||
| 215 |
_a49 с. _d20 |
||
| 606 |
_aКоммунистическое воспитание _jУказатели литературы _2psbo |
||
| 606 |
_aКомсомольские организации и их работа _jУказатели литературы _2psbo |
||
| 700 | 1 |
_aКамалдинова _bЭ.Ш. _gЭлеонора Шайхутдиновна _4220 |
|
| 702 | 1 |
_aКостяшкин _bЭ.Г. _4340 |
|
| 712 | 0 | 2 |
_aИнститут повышения квалификации преподавателей педагогических дисциплин университетов и педагогических вузов _cМосква _3RU\NLR\AUTH\8810135579 _9767116 |
| 801 | 0 |
_aRU _bNLR _gpsbo |
|
| 801 | 1 |
_aRU _bELAR _2rusmarc |
|
| 852 |
_aNLR _jс873-420/К18 |
||
| 942 | _cBOOK | ||
| 980 | _aNB | ||